| 000 | 02827nam0a2200349 4500 | ||
|---|---|---|---|
| 001 | RU\NLR\BIBL_A\022593604 | ||
| 005 | 20250926154056.0 | ||
| 010 |
_a978-5-9920-0481-6 _950 |
||
| 021 |
_aRU _bКН-П-25-033165 _9КН-П-25-3274 |
||
| 035 | _a(NLR Aleph) 022593604 | ||
| 090 |
_a13538564 _c13538564 |
||
| 100 | _a20250730d2024 u y0rusy50 ca | ||
| 101 | 0 | _arus | |
| 102 | _aRU | ||
| 105 | _ay|||j|||000yy | ||
| 181 | 0 |
_ai4 _baxxe |
|
| 182 | 0 | _an | |
| 200 | 1 |
_aОсновы применения химических пилингов _eучебно-методическое пособие _eдля обучающихся уровня ординатуры и аспирантуры по специальностям "Дерматовенерология", "Косметология", а также врачей дерматовенерологов, косметологов лечебно-профилактических учреждений и врачей, проходящих повышение квалификации в системе дополнительного профессионального образования _fЕ. В. Свечникова, В. В. Гладько, И. В. Ильина [и др.] _gМинистерство науки и высшего образования Российской Фендерации, Федеральное государственное бюджетное образовательное учреждение высшего образования "Российский биотехнологический университет (РОСБИОТЕХ), Медицинский институт непрерывного образования |
|
| 203 |
_aТекст _bвизуальный _cнепосредственный |
||
| 210 |
_aМосква _cРОСБИОТЕХ _d2024 |
||
| 215 |
_a35 с. _d20 |
||
| 300 | _aНа 3-й с. авт.: Свечникова Е. В., д-р мед. наук, доц., проф., Гладько В. В., д-р мед. наук, проф., Ильина И. В., канд. мед. наук, проф. | ||
| 320 | _aБиблиогр.: с. 35 (6 назв.) | ||
| 606 | 1 |
_aПилинг (мед.) химический _jУчебно-методические пособия _92578131 _3RU\NLR\AUTH\661524238 |
|
| 686 | 1 | _aР120.416я77 | |
| 701 | 1 |
_aСвечникова _bЕ. В. _gЕлена Владимировна |
|
| 701 | 1 |
_aГладько _bВ. В. _gВиктор Владимирович |
|
| 701 | 1 |
_aИльина _bИ. В. _cканд. мед. наук, дерматология _gИнна Валентиновна _92677592 _3RU\NLR\AUTH\770284530 |
|
| 942 | _cBOOK | ||
| 980 | _aNB | ||